Reporting statement (Record no. 106421)

MARC details
000 -LEADER
fixed length control field 00973cam a22002055a 4500
001 - CONTROL NUMBER
control field L136542
008 - FIXED-LENGTH DATA ELEMENTS--GENERAL INFORMATION
fixed length control field 070206s2006 xxk f u 000 0 eng u
020 ## - INTERNATIONAL STANDARD BOOK NUMBER
International Standard Book Number 9781841408620
035 ## - SYSTEM CONTROL NUMBER
System control number (Sirsi) u136542
050 04 - LIBRARY OF CONGRESS CALL NUMBER
Classification number 657.3 $2 18
110 2# - MAIN ENTRY--CORPORATE NAME
Corporate name or jurisdiction name as entry element Accounting Standards Board
9 (RLIN) 3454
245 00 - TITLE STATEMENT
Title Reporting statement
Remainder of title retirement benefits
-- disclosures
260 ## - PUBLICATION, DISTRIBUTION, ETC.
Place of publication, distribution, etc. London
Name of publisher, distributor, etc. Accounting Standards Board
Date of publication, distribution, etc. 2006
300 ## - PHYSICAL DESCRIPTION
Extent 38p.
Dimensions 21cm.
490 #0 - SERIES STATEMENT
Series statement ASB Financial Reporting Standard
520 ## - SUMMARY, ETC.
Summary, etc. Amendments address the concerns of some commentators that financial statements in FRS 17 do not contain sufficient information in relation to defined benefits schemes to allow users of the financial statements a clear view of the risks and rewards arising from defined benefit schemes. Therefore disclosure requirements are amended.
651 #4 - SUBJECT ADDED ENTRY--GEOGRAPHIC NAME
Geographic name United Kingdom
Chronological subdivision
690 ## - LOCAL SUBJECT ADDED ENTRY--TOPICAL TERM (OCLC, RLIN)
Topical term or geographic name as entry element MANAGEMENT-BUSINESS MANAGEMENT-FINANCIAL MANAGEMENT-ACCOUNTING-FINANCIAL REPORTING
942 ## - ADDED ENTRY ELEMENTS (KOHA)
Suppress in OPAC 0
Holdings
Withdrawn status Lost status Source of classification or shelving scheme Damaged status Not for loan Home library Current library Shelving location Date acquired Total Checkouts Full call number Barcode Date last seen Copy number Price effective from Koha item type
    Dewey Decimal Classification     London London Boxed set 06/03/2007   BOXED SET 30073636 06/08/2019 1 06/08/2019 Reference material